| 000 | 01151nam a2200241Ia 4500 | ||
|---|---|---|---|
| 999 |
_c52688 _d52688 |
||
| 001 | 19712 | ||
| 003 | GE_BSU | ||
| 005 | 20200402195302.0 | ||
| 008 | 181216s1955||||ge |||||||||||||| ||geo|| | ||
| 040 | _cGE_BSU | ||
| 041 | _ageo | ||
| 080 | _a821.353.1-26 ღ-73 | ||
| 100 |
_aღლონტი, შალვა _97834 |
||
| 245 |
_aნარკვევები ქართველი მწერლების მხატვრული ენის საკითხებზე / _cშალვა ღლონტი ; რედ. ლეილა დადიანი. |
||
| 264 |
_aსოხუმი : _bაფხაზეთის სახელგამი, _c1955. |
||
| 300 |
_a113 გვ. ; _c21 სმ. |
||
| 541 | _h0,76თ. | ||
| 653 | _aნარკვევები ქართველი მწერლების მხატვრული ენის საკითხებზე | ||
| 653 | _aქართველ მწერალთა ენა | ||
| 653 | _aქართული ენა | ||
| 700 |
_aდადიანი, ლეილა _eრედაქტორი _97845 |
||
| 942 |
_cBK _2udc |
||